000 01291nam a22003017a 4500
999 _c117784
_d117784
003 0
005 20181003161311.0
008 0
010 _aB-142018,-B-142022
020 _c175.00
_a8126311177
035 _aB-142018,-B142022
037 _bCen Lib/Ret
040 _aDPL
_bHN
_c0
082 _a
_bगद्रेअ
100 _aगद्रे, अरुण
_976794
245 _aएक था फेंगाडया /
_cअरुण गद्रे ; अनुवाद लीना मेहेंदले
246 _aEk tha fengadya /
_bby Arun Gadre ; anuvadak Leena Mehendale
260 _aनयी दिल्ली
_bभारतीय ज्ञानपीठ
_c2005
270 _a18, इंस्टीटूश्नल एरिया, लोदी रोड
_bनयी दिल्ली
_e110003
300 _axi,250पृ.
_c19सेमी (सजिल्द)
490 _aलोकोदय ग्रन्थमाला
_v781
650 _a साहित्य--कथा
_942948
650 _aमराठी--उपन्यास
_976795
650 _a Literature--Fiction
_976796
650 _aMarathi-- Novel
_973286
700 _aमेहेंदले, लीना
_976797
942 _2ddc
_cHN
_h
_mगद्रेअ